Először Szegeden biofizikusok vándorgyűlése
Elmentve itt :
| Dokumentumtípus: | Cikk |
|---|---|
| Megjelent: |
1968-08-29
|
| Sorozat: | Délmagyarország
58 No. 202 |
| Kulcsszavak: | Budó Ágoston, Szalay László, Biofizika konferencia 1968, tanácskozások, pályázatok |
| Online Access: | http://dmarchiv.bibl.u-szeged.hu/74565 |
| LEADER | 00497nab a2200145 i 4500 | ||
|---|---|---|---|
| 001 | delm74565 | ||
| 005 | 20180928082608.0 | ||
| 008 | 180928s1968 hu o 0|| hun d | ||
| 040 | |a SZTE Délmagyarország Archívum |b hun | ||
| 041 | |a hun | ||
| 245 | 0 | 0 | |a Először Szegeden |h [elektronikus dokumentum] : |b biofizikusok vándorgyűlése |
| 260 | |c 1968-08-29 | ||
| 300 | |a 5 | ||
| 490 | 0 | |a Délmagyarország |v 58 No. 202 | |
| 695 | |a Budó Ágoston, Szalay László, Biofizika konferencia 1968, tanácskozások, pályázatok | ||